| 000 | 00531nam a2200193Ia 4500 | ||
|---|---|---|---|
| 005 | 20250508152455.0 | ||
| 008 | 008 250505s9999 xx 000 0 eng d | ||
| 037 | _aTextual | ||
| 040 |
_aFEDL _beng _cFEDL |
||
| 041 |
_aeng _2eng |
||
| 084 |
_a330, SEN _qFEDL |
||
| 100 |
_aSen Satyendra Nath _9122245 |
||
| 245 | 0 | _aElementary economics, Part 1 | |
| 260 |
_aCalcutta, India _bBookland Private Limited _c1959 |
||
| 300 | _a297p | ||
| 650 | _aEconomics | ||
| 942 |
_cTEXL _h330, SEN |
||
| 999 |
_c1336651 _d1336651 |
||